000 00551nam a2200181Ia 4500
001 7921
005 20260306160531.0
008 260306t2016||||xx |||||||||||||| ||spa||
041 _aESP
082 _a363.785
_bP43
100 _aPerú. Ministerio del Ambiente
_eAUT
245 0 _aEl Perú y el cambio climático:
_btercera comunicación nacional del Perú a la convención marco de las Naciones Unidas sobre cambio climático
260 _c2016
300 _a326 páginas :
_c30 cm.
650 _aGEN
654 _aCIA
942 _cLIB
_dJUS
_fJUS
_2ddc
_n
999 _c7921
_d7921